000 00302nam a22001337a 4500
008 170929b xxu||||| |||| 00| 0 eng d
020 _a9780205360307
041 _aeng
080 _a37
100 _a47
101 _aEDU
245 _aA SHORT GUIDE TO ACTION RESEARCH
_cJOHNSON,A.P
942 _2udc
_cBK
999 _c30680
_d30680